| Tag |
First Indicator |
Second Indicator |
Subfields |
| LEADER |
00000cam a22000008a 4500 |
| 001 |
in00000071455 |
| 005 |
20151008062230.0 |
| 008 |
810108s1981 enka b 00100 engm |
| 010 |
|
|
|a 80041586
|
| 015 |
|
|
|a GB81
|
| 020 |
|
|
|a 047127934X :
|c 15.00
|
| 035 |
|
|
|a (OCoLC)07197388
|
| 035 |
|
|
|9 AAJ9788AM
|
| 039 |
0 |
|
|a 2
|b 3
|c 3
|d 3
|e 3
|
| 040 |
|
|
|a DLC
|c DLC
|d m.c.
|d TXA
|d UtOrBLW
|
| 049 |
|
|
|a TXAM
|c [800415]
|
| 050 |
0 |
0 |
|a HM131
|b .G719
|
| 082 |
0 |
|
|a 302.3/4
|2 19
|
| 245 |
0 |
0 |
|a Groups at work /
|c edited by Roy Payne and Cary L. Cooper.
|
| 263 |
|
|
|a 8109
|
| 264 |
|
1 |
|a Chichester [England] ;
|a New York :
|b J. Wiley,
|c [1981]
|
| 264 |
|
4 |
|c ©1981
|
| 300 |
|
|
|a ix, 268 pages :
|b illustrations ;
|c 24 cm.
|
| 336 |
|
|
|a text
|b txt
|2 rdacontent
|
| 337 |
|
|
|a unmediated
|b n
|2 rdamedia
|
| 338 |
|
|
|a volume
|b nc
|2 rdacarrier
|
| 490 |
1 |
|
|a Wiley series on individuals, groups, and organizations
|
| 504 |
|
|
|a Includes bibliographies and indexes.
|
| 650 |
|
0 |
|a Social groups.
|
| 650 |
|
0 |
|a Social interaction.
|
| 700 |
1 |
|
|a Payne, Roy.
|
| 700 |
1 |
|
|a Cooper, Cary L.
|
| 830 |
|
0 |
|a Wiley series on individuals, groups, and organizations.
|
| 999 |
|
|
|a MARS
|
| 999 |
f |
f |
|s 9272aa55-dbaf-3662-a1e4-f09487873258
|i 9a2ffd27-69b0-3c9b-bcb7-2101aa60abd1
|t 0
|
| 952 |
f |
f |
|p ric
|a Texas A&M University
|b Rellis Campus
|c Joint Library Facility
|d Remote Storage
|t 0
|e HM131 .G719
|h Library of Congress classification
|i unmediated -- volume
|m A14806139236
|
| 998 |
f |
f |
|a HM131 .G719
|t 0
|l Remote Storage
|